Statistics for Holy cities / ערים קדושות

Click here to take the quiz!

General Stats

  • This quiz has been taken 41 times
  • The average score is 11 of 16

Answer Stats

Answer% Correct
Jerusalem / ירושלים
100%
Jerusalem / ירושלים
100%
Jerusalem / ירושלים
100%
Mecca / מכה
94%
Mecca / מכה
94%
Vatican, Rome / הותיקן, רומא
77%
Medina / אל-מדינה
74%
Medina / אל-מדינה
74%
Bethlehem / בית-לחם
69%
Nazareth / נצרת
69%
Haifa / חיפה
63%
Hebron / חברון
46%
Safed / צפת
43%
Acre / עכו
31%
Tiberias / טבריה
31%
Najaf / נג'ף
14%

Score Distribution

Percentile by Number Answered

Percent of People with Each Score

Your Score History

You have not taken this quiz